| 000 | 00901nam a2200229Ia 4500 | ||
|---|---|---|---|
| 999 |
_c39667 _d39667 |
||
| 001 | 6269 | ||
| 003 | GE_BSU | ||
| 005 | 20190927161837.0 | ||
| 008 | 181216s1975||||ge |||||||||||||| ||geo|| | ||
| 040 | _cGE_BSU | ||
| 041 | _ageo | ||
| 080 | _a821.353.1-31 ბ-17 | ||
| 100 |
_aბათიაშვილი, გურამ _94367 |
||
| 245 |
_aძახილი ; სერობის შემდეგ : _bპიესები / _cგურამ ბათიაშვილი ; რედ. ვ. კიკნაძე. |
||
| 264 |
_aთბილისი : _bსაქ.თეატრალური საზ-ბა ; _c1975. |
||
| 300 |
_a202 გვ. ; _c14 სმ. |
||
| 653 | _aძახილი | ||
| 653 | _aსერობის შემდეგ | ||
| 653 | _aპიესები | ||
| 700 |
_aკიკნაძე, ვ. _eრედაქტორი _94368 |
||
| 942 |
_cBK _2udc |
||